Zpátky na Balkán /
Pohraniční oblast Bosny a Republiky Srbská Krajina, 1995. Během jedné z rutinních patrol narazí čtyři čeští vojáci na bosenskou polovojenskou skupinu, která masakruje civilisty. V naprostém rozporu s rozkazy se do události vloží a útočníky eliminují. Na místě pak naleznou kufr plný nakradeného zlata...
Uloženo v:
| Hlavní autor: | |
|---|---|
| Médium: | E-kniha |
| Jazyk: | Czech |
| Vydáno: |
Praha :
Nakladatelství JOTA, s.r.o.,
2026
|
| Tagy: |
Žádné tagy |
| LEADER | 02262nam a22002297i 4500 | ||
|---|---|---|---|
| 001 | 302324 | ||
| 007 | ta | ||
| 008 | 260511s2026 xr ||||| |||| 00| 0 cze d | ||
| 020 | |a 9788076897830 | ||
| 044 | |a xr | ||
| 100 | 1 | |a Krainer, Eduard |4 aut | |
| 245 | 1 | 0 | |a Zpátky na Balkán / |c Krainer, Eduard |
| 264 | 1 | |a Praha : |b Nakladatelství JOTA, s.r.o., |c 2026 | |
| 300 | |a 1 online zdroj (261 stran) | ||
| 336 | |a text |b txt |2 rdacontent | ||
| 337 | |a bez média |b n |2 rdamedia | ||
| 338 | |a online zdroj |b cr |2 rdacarrier | ||
| 520 | 2 | |a Pohraniční oblast Bosny a Republiky Srbská Krajina, 1995. Během jedné z rutinních patrol narazí čtyři čeští vojáci na bosenskou polovojenskou skupinu, která masakruje civilisty. V naprostém rozporu s rozkazy se do události vloží a útočníky eliminují. Na místě pak naleznou kufr plný nakradeného zlata. Ohromeni tím, čeho byli svědky, a překvapeni svým vlastním jednáním, ukryjí poklad na dně vodní nádrže a přísahají si, že o celé události nikdy nepromluví. Krátce nato oblast pohltí chorvatská ofenziva a jejich tajemství zmizí pod nánosem války. Česká republika, 2024. Jeden z bývalých vojáků, dnes zadlužený a s životem v rozkladu, se rozhodne vrátit pro potopený poklad. K výpravě přemluví dalšího člena jednotky a oba vyrážejí do míst, kam se už nikdy neměli vrátit. Jejich tehdejší čin však nezůstal zapomenut a v Bosně stále žijí lidé, kteří se touží pomstít. Návrat bývalých českých vojáků tak spustí řetězec událostí, v němž se minulost střetává se současností a každý krok může být poslední. Nový román Eduarda Krainera zavádí čtenáře mezi vojáky českého kontingentu mise UNPROFOR v občanskou válkou rozvrácené bývalé Jugoslávii, a především do současné Bosny, stále neklidné části Balkánu. | |
| 910 | |a RBIT002 | ||
| 998 | |d 426776 |a https://core.palmknihy.cz/api/books/426776/cover?tenot5 |b https://core.palmknihy.cz/api/books/426776/cover/400?tenot5 |c https://core.palmknihy.cz/api/books/426776/cover/50?tenot5 |e 2035-12-31 |g 261 |i 9788076897830 |j https://core.palmknihy.cz/api/books/426776/preview.epub |l |q 49 |r 1 |s https://www.palmknihy.cz/kniha/426776 |t ebook |y 2026 |z 1 | ||
| 999 | |d 302322 | ||